| 000 | 00402nam a22001337a 4500 | ||
|---|---|---|---|
| 008 | 230919b |||||||| |||| 00| 0 eng d | ||
| 020 | _a9781473635340 | ||
| 050 |
_aBX2170 _b.N681992 |
||
| 100 | _aNouwen, Henri J. M. | ||
| 245 |
_aLife of the beloved our greatest gift : _bSpiritual living in a secular world _cHenri J. M. Nouwen |
||
| 260 |
_aLondon _bHodder _c1992 |
||
| 300 | _a83p. | ||
| 942 |
_2lcc _cBK |
||
| 999 |
_c20316 _d20315 |
||